000 00293nam a22001337a 4500
008 210303b ||||| |||| 00| 0 eng d
041 _aeng
080 _a541
082 _a541
100 _a12
101 _aKIM
245 _aIntroductory Physical Chemistry
_cKnight, A. R
942 _2udc
_cBK
999 _c55564
_d55564